|
|
|
|
| LEADER |
00000nam0a2200000 4500 |
| 001 |
215444 |
| 005 |
20240209130701.0 |
| 010 |
|
|
|a 9785982989710
|
| 035 |
|
|
|a (RuTPU)RU\TPU\book\235366
|
| 090 |
|
|
|a 215444
|
| 100 |
|
|
|a 20120511d2011 m y0rusy50 ca
|
| 101 |
0 |
|
|a rus
|
| 102 |
|
|
|a RU
|
| 105 |
|
|
|a a j 001zy
|
| 200 |
1 |
|
|a Керамические и стеклокристаллические материалы для медицины
|e учебное пособие
|f В. И. Верещагин [и др.]
|g Национальный исследовательский Томский политехнический университет (ТПУ)
|
| 210 |
|
|
|a Томск
|c Изд-во ТПУ
|d 2011
|
| 215 |
|
|
|a 148 с.
|c ил.
|
| 320 |
|
|
|a Библиогр.: с. 145-147.
|
| 330 |
|
|
|a В пособии рассматриваются общие вопросы применения неорганических материалов в медицине, в частности в стоматологии, травматологии и ортопедии, понятия о стоматологической керамике и керамике для имплан-татов. Приводятся свойства и методы получения современных стоматологических материалов, предназначенных для зубного протезирования. Особое внимание уделяется керамическим и ситаллизированным материалам, изделиям на их основе, а также композиционным материалам, характерным особенностям и требованиям к биоматериалам. Описаны металлы и их сплавы, используемые для производства металлокерамики. Предназначено для подготовки магистров и дипломированных специалистов по программе "Химическая технология тугоплавких неметаллических и силикатных материалов", а также для аспирантов, научных и инжеерно-технических работников.
|
| 606 |
1 |
|
|a Керамические материалы
|x Применение в медицине
|2 stltpush
|3 (RuTPU)RU\TPU\subj\51735
|9 70300
|
| 610 |
1 |
|
|a травматология
|
| 610 |
1 |
|
|a ортопедия
|
| 610 |
1 |
|
|a костные ткани
|
| 610 |
1 |
|
|a стеклокерамические материалы
|
| 610 |
1 |
|
|a стоматологический фарфор
|
| 610 |
1 |
|
|a стоматологические ситаллы
|
| 610 |
1 |
|
|a биомедицинские материалы
|
| 610 |
1 |
|
|a зубопротезирование
|
| 610 |
1 |
|
|a восстановительная хирургия
|
| 610 |
1 |
|
|a полимеры
|
| 610 |
1 |
|
|a композиционные материалы
|
| 610 |
1 |
|
|a цементы
|
| 610 |
1 |
|
|a металлы
|
| 610 |
1 |
|
|a сплавы
|
| 610 |
1 |
|
|a стоматологические изделия
|
| 610 |
1 |
|
|a имплантаты
|
| 610 |
1 |
|
|a керамические покрытия
|
| 610 |
1 |
|
|a учебные пособия
|
| 610 |
1 |
|
|a труды учёных ТПУ
|
| 675 |
|
|
|a 615.4(075.8)
|v 3
|
| 701 |
|
1 |
|a Верещагин
|b В. И.
|c химик-технолог
|c профессор Томского политехнического университета, доктор технических наук
|f 1942-
|g Владимир Иванович
|3 (RuTPU)RU\TPU\pers\19774
|9 7712
|
| 701 |
|
1 |
|a Хабас
|b Т. А.
|c химик
|c профессор Томского политехнического университета, доктор технических наук
|f 1949-
|g Тамара Андреевна
|3 (RuTPU)RU\TPU\pers\25651
|9 11562
|
| 701 |
|
1 |
|a Кулинич
|b Е. А.
|c химик
|c доцент Томского политехнического университета, кандидат технических наук
|f 1975-
|g Екатерина Александровна
|3 (RuTPU)RU\TPU\pers\25615
|9 11544
|
| 701 |
|
1 |
|a Игнатов
|b В. П.
|c специалист в области физики высоких технологий
|c заведующий лабораторией Томского политехнического университета
|f 1946-
|g Виктор Павлович
|3 (RuTPU)RU\TPU\pers\29277
|
| 712 |
0 |
2 |
|a Национальный исследовательский Томский политехнический университет (ТПУ)
|c (2009- )
|3 (RuTPU)RU\TPU\col\15902
|
| 801 |
|
1 |
|a RU
|b 63413507
|c 20120511
|
| 801 |
|
2 |
|a RU
|b 63413507
|c 20171107
|g RCR
|
| 942 |
|
|
|c BK
|